[Event "NED-ch 1991"]
[Site "Eindhoven"]
[Date "1991.??.??"]
[Round "1"]
[White "Kuijf, Rini"]
[Black "Bosboom, Manuel"]
[Result "0-1"]
[WhiteElo "2460"]
[BlackElo "2460"]
[PlyCount "30"]
[EventDate "1991.06.??"]
[Source "ChessBase"]
[SourceDate "2004.01.01"]

1. e4 e5 2. Nf3 Nc6 3. Bb5 f5 4. Nc3 fxe4 5. Nxe4 Nf6 6. Nxf6+ Qxf6 7. Qe2 Be7
8. Bxc6 dxc6 9. Nxe5 O-O 10. O-O Bf5 11. b3 Bxc2 12. d3 Bd6 13. Nc4 Qxa1 14.
Bb2 Rae8 15. Qg4 Qxf1+ 0-1

[Event "NED-ch 1991"]
[Site "Eindhoven"]
[Date "1991.??.??"]
[Round "1"]
[White "Van der Wiel, John"]
[Black "Van der Sterren, Paul"]
[Result "1-0"]
[WhiteElo "2530"]
[BlackElo "2485"]
[PlyCount "79"]
[EventDate "1991.06.??"]
[Source "ChessBase"]
[SourceDate "2004.01.01"]

1. e4 c6 2. Nc3 d5 3. Nf3 Bg4 4. h3 Bh5 5. exd5 cxd5 6. g4 Bg6 7. Bb5+ Nc6 8.
Ne5 Rc8 9. d4 e6 10. Qe2 Bb4 11. h4 Nge7 12. h5 Be4 13. f3 O-O 14. Nxc6 Nxc6
15. Be3 Qf6 16. fxe4 Nxd4 17. Bxd4 Qxd4 18. Rd1 Bxc3+ 19. bxc3 Qxc3+ 20. Kf1
dxe4 21. Qxe4 f5 22. Qxe6+ Kh8 23. Kg2 Qxc2+ 24. Qe2 fxg4 25. Rhf1 Qc5 26.
Rxf8+ Rxf8 27. h6 Qc3 28. Qxg4 gxh6 29. Bc4 b5 30. Bb3 a5 31. Qe4 Qf6 32. Kh1
Qc3 33. Qd4+ Qxd4 34. Rxd4 a4 35. Be6 Re8 36. Rd6 Kg7 37. Rb6 Rd8 38. Kg2 Rd2+
39. Kf3 Rxa2 40. Bxa2 1-0

[Event "NED-ch 1991"]
[Site "Eindhoven"]
[Date "1991.??.??"]
[Round "2"]
[White "Van Mil, Johan"]
[Black "Piket, Jeroen"]
[Result "1/2-1/2"]
[WhiteElo "2415"]
[BlackElo "2590"]
[PlyCount "46"]
[EventDate "1991.06.??"]
[Source "ChessBase"]
[SourceDate "2004.01.01"]

1. e4 e5 2. Bc4 Nf6 3. d3 Nc6 4. Nf3 Be7 5. O-O O-O 6. Bb3 d6 7. c3 Bg4 8. h3
Bh5 9. Nbd2 Nd7 10. Re1 Nc5 11. Bc2 Ne6 12. Nf1 Kh8 13. Ng3 Bxf3 14. Qxf3 Bg5
15. Be3 Bxe3 16. fxe3 g6 17. d4 Ng7 18. Rf1 Qe7 19. Rf2 a6 20. Raf1 Rae8 21.
Ne2 Nd8 22. g4 Qh4 23. Qg3 Qxg3+ 1/2-1/2

[Event "NED-ch 1991"]
[Site "Eindhoven"]
[Date "1991.??.??"]
[Round "2"]
[White "Van der Wiel, John"]
[Black "Van Wely, Loek"]
[Result "1/2-1/2"]
[WhiteElo "2530"]
[BlackElo "2475"]
[PlyCount "58"]
[EventDate "1991.06.??"]
[Source "ChessBase"]
[SourceDate "2004.01.01"]

1. e4 d6 2. d4 g6 3. c3 Bg7 4. Bc4 Nf6 5. Qe2 O-O 6. Nf3 a6 7. a4 Nc6 8. Bg5 h6
9. Bh4 e5 10. dxe5 dxe5 11. O-O Qe8 12. Bxf6 Bxf6 13. Na3 Bd7 14. Bd5 Nd8 15.
a5 Rb8 16. Qe3 Kg7 17. Qc5 Ne6 18. Bxe6 Qxe6 19. Rfe1 b6 20. axb6 cxb6 21. Qd5
Qe7 22. Nc2 Rbd8 23. Qa2 a5 24. Ne3 Be6 25. Nd5 Qc5 26. Rad1 Rc8 27. Rd3 Qb5
28. Red1 Rc4 29. Qb1 Bxd5 1/2-1/2

[Event "NED-ch 1991"]
[Site "Eindhoven"]
[Date "1991.??.??"]
[Round "3"]
[White "De Boer, Gert Jan"]
[Black "Bosboom, Manuel"]
[Result "1/2-1/2"]
[WhiteElo "2430"]
[BlackElo "2460"]
[PlyCount "53"]
[EventDate "1991.06.??"]
[Source "ChessBase"]
[SourceDate "2004.01.01"]

1. d4 g6 2. Nf3 Bg7 3. c4 d6 4. Nc3 Bg4 5. e3 Nf6 6. Be2 O-O 7. O-O c5 8. h3
Bf5 9. Bd2 Na6 10. Rc1 Rb8 11. Qb3 Ne4 12. Nxe4 Bxe4 13. Bc3 b6 14. Rfd1 Qc8
15. Ng5 Bf5 16. Bf3 Nc7 17. a4 Bh6 18. Ne4 cxd4 19. Bxd4 Ne6 20. Nc3 Nxd4 21.
Rxd4 Bg7 22. Rdd1 Re8 23. Nb5 a6 24. Na7 Qc7 25. Nc6 Rbc8 26. Nb4 Qa7 27. Nc6
1/2-1/2

[Event "NED-ch 1991"]
[Site "Eindhoven"]
[Date "1991.??.??"]
[Round "3"]
[White "Hoeksema, Erik"]
[Black "Brenninkmeijer, Joris"]
[Result "1/2-1/2"]
[WhiteElo "2380"]
[BlackElo "2525"]
[PlyCount "79"]
[EventDate "1991.06.??"]
[Source "ChessBase"]
[SourceDate "2004.01.01"]

1. d4 Nf6 2. c4 e6 3. Nf3 d5 4. Nc3 Nbd7 5. Bg5 Bb4 6. cxd5 exd5 7. e3 c5 8.
Bd3 Qa5 9. Qc2 c4 10. Bf5 O-O 11. O-O Re8 12. Bh4 g6 13. Bh3 Bxc3 14. bxc3 Ne4
15. Rac1 Qa3 16. Nd2 Nb6 17. Bxc8 Raxc8 18. Nb1 Qa4 19. Qb2 Re6 20. f3 Nd6 21.
Bf2 Nf5 22. Rfe1 Rce8 23. g4 Nd6 24. Nd2 Qc6 25. Nf1 f5 26. g5 Nf7 27. h4 h6
28. gxh6 Nxh6 29. Bg3 Nf7 30. Bf4 Kg7 31. Re2 Rh8 32. Rh2 Nd7 33. Ng3 Nf6 34.
h5 Nxh5 35. Nxh5+ Rxh5 36. Rxh5 gxh5 37. Qh2 Re8 38. Qxh5 Qg6+ 39. Qxg6+ Kxg6
40. Rb1 1/2-1/2

[Event "NED-ch 1991"]
[Site "Eindhoven"]
[Date "1991.??.??"]
[Round "4"]
[White "Nijboer, Friso"]
[Black "Kuijf, Rini"]
[Result "1/2-1/2"]
[WhiteElo "2465"]
[BlackElo "2460"]
[PlyCount "99"]
[EventDate "1991.06.??"]
[Source "ChessBase"]
[SourceDate "2004.01.01"]

1. e4 c5 2. Nf3 Nc6 3. d4 cxd4 4. Nxd4 Nf6 5. Nc3 e5 6. Ndb5 d6 7. Bg5 a6 8.
Na3 b5 9. Bxf6 gxf6 10. Nd5 Bg7 11. Bd3 Be6 12. O-O Bxd5 13. exd5 Ne7 14. c4 f5
15. Qd2 e4 16. Be2 b4 17. Qxb4 Rb8 18. Qa4+ Kf8 19. Rab1 Bxb2 20. Qc2 Bd4 21.
Qd2 Bc5 22. Qh6+ Ke8 23. Bd1 Ng6 24. Ba4+ Ke7 25. Rxb8 Qxb8 26. Qg5+ Kf8 27.
Nc2 f4 28. Qh6+ Kg8 29. h4 Qf8 30. Qg5 Qe7 31. Re1 Qxg5 32. hxg5 e3 33. fxe3 h6
34. gxh6 Rxh6 35. Kf2 Ne5 36. Ke2 Rh2 37. exf4 Rxg2+ 38. Kd1 Nd3 39. Re8+ Kg7
40. Bb3 a5 41. Ne3 Bxe3 42. Rxe3 Nc5 43. Re2 Rg1+ 44. Kd2 Ra1 45. Re1 Rxe1 46.
Kxe1 Kg6 47. Kf2 Kh5 48. Kg3 Ne4+ 49. Kf3 Nc5 50. Kg3 1/2-1/2

[Event "NED-ch 1991"]
[Site "Eindhoven"]
[Date "1991.??.??"]
[Round "4"]
[White "Van Wely, Loek"]
[Black "Pieterse, Gert"]
[Result "0-1"]
[WhiteElo "2475"]
[BlackElo "2405"]
[Annotator "Wahls"]
[PlyCount "56"]
[EventDate "1991.06.??"]
[Source "ChessBase"]
[SourceDate "2004.01.01"]

1. d4 Nf6 2. c4 g6 3. Nc3 Bg7 4. e4 O-O 5. Nf3 d6 6. Be2 e5 7. O-O Nc6 8. d5
Ne7 9. b4 Nh5 10. g3 f5 11. Ng5 Nf6 12. f3 Re8 {neu} (12... f4) (12... c6) (
12... Kh8) 13. c5 h6 14. cxd6 Qxd6 15. Ne6 Bxe6 16. dxe6 Qxb4 17. Qb3 Qxb3 18.
axb3 a6 19. Be3 Nc6 20. exf5 gxf5 21. Bd3 e4 $17 22. fxe4 Ng4 23. Bd2 Rad8 24.
Nd5 Bxa1 25. Rxa1 Nce5 26. Be2 fxe4 27. Nxc7 Rxd2 28. Bxg4 Re7 0-1

[Event "NED-ch 1991"]
[Site "Eindhoven"]
[Date "1991.??.??"]
[Round "4"]
[White "Van der Sterren, Paul"]
[Black "Bosboom, Manuel"]
[Result "1-0"]
[WhiteElo "2485"]
[BlackElo "2460"]
[PlyCount "78"]
[EventDate "1991.06.??"]
[Source "ChessBase"]
[SourceDate "2004.01.01"]

1. d4 Nf6 2. c4 g6 3. Nc3 Bg7 4. e4 d6 5. f3 a6 6. Be3 c6 7. Bd3 O-O 8. Nge2 b5
9. b3 Nbd7 10. O-O bxc4 11. Bxc4 Bb7 12. Qd2 Re8 13. Rad1 Qc7 14. Rc1 Rac8 15.
Rfd1 Qb8 16. b4 d5 17. Bb3 dxe4 18. Nxe4 Nd5 19. Bf2 Rcd8 20. Bg3 Qa7 21. Nc5
N7f6 22. Be5 Bc8 23. Ng3 Qb6 24. a3 h5 25. h4 Nh7 26. Bxg7 Kxg7 27. Re1 Qc7 28.
Qf2 e5 29. dxe5 Rxe5 30. Qb2 f6 31. Rxe5 Qxe5 32. Qxe5 fxe5 33. Nge4 Kh6 34.
Nd3 Bb7 35. Nxe5 Re8 36. Nf7+ Kg7 37. Nfd6 Re7 38. Nxb7 Rxb7 39. Rxc6 a5 1-0

[Event "NED-ch 1991"]
[Site "Eindhoven"]
[Date "1991.??.??"]
[Round "5"]
[White "De Boer, Gert Jan"]
[Black "Van Mil, Johan"]
[Result "1/2-1/2"]
[WhiteElo "2430"]
[BlackElo "2415"]
[PlyCount "40"]
[EventDate "1991.06.??"]
[Source "ChessBase"]
[SourceDate "2004.01.01"]

1. d4 Nf6 2. c4 g6 3. Nf3 Bg7 4. g3 O-O 5. Bg2 d5 6. cxd5 Nxd5 7. O-O Nb6 8.
Nc3 Nc6 9. d5 Na5 10. e4 c6 11. Bg5 h6 12. Bf4 cxd5 13. exd5 Nac4 14. Qe2 g5
15. Bc1 Bg4 16. h3 Bh5 17. g4 Bg6 18. Rd1 Qc7 19. Nd4 Qe5 20. b3 Qxe2 1/2-1/2

[Event "NED-ch 1991"]
[Site "Eindhoven"]
[Date "1991.??.??"]
[Round "5"]
[White "Hoeksema, Erik"]
[Black "Nijboer, Friso"]
[Result "1/2-1/2"]
[WhiteElo "2380"]
[BlackElo "2465"]
[PlyCount "116"]
[EventDate "1991.06.??"]
[Source "ChessBase"]
[SourceDate "2004.01.01"]

1. d4 Nf6 2. c4 g6 3. Nc3 Bg7 4. e4 d6 5. Be2 O-O 6. Bg5 Na6 7. f4 c6 8. Nf3
Nc7 9. Qd2 d5 10. Bxf6 Bxf6 11. O-O Bg7 12. Kh1 Bh6 13. Rad1 f6 14. exd5 cxd5
15. cxd5 Kh8 16. Bc4 Rb8 17. a4 a6 18. Ne1 b5 19. axb5 axb5 20. Bb3 b4 21. Ne4
Bg4 22. Rc1 Nxd5 23. Nd3 Bf5 24. Rce1 Nc7 25. Qf2 e5 26. fxe5 fxe5 27. Nxe5
Bxe4 28. Nf7+ Rxf7 29. Qxf7 Bd5 30. Bxd5 Nxd5 31. Re5 Ne3 32. Re1 Qf8 33. Qxf8+
Rxf8 34. h3 Nc2 35. Rd1 Bg7 36. Re4 b3 37. d5 Bxb2 38. Rb1 Ba3 39. Rxb3 Rf1+
40. Kh2 Bd6+ 41. g3 Rf2+ 42. Kh1 Kg7 43. Rb7+ Kh6 44. Rh4+ Kg5 45. Rg4+ Kf6 46.
Rb6 Ke5 47. Rg5+ Rf5 48. Rxf5+ gxf5 49. Rb7 Ne3 50. Rxh7 Kxd5 51. Rg7 Ke4 52.
Rg6 Bb4 53. h4 Kf3 54. h5 Nf1 55. h6 Bc3 56. h7 Nxg3+ 57. Kh2 f4 58. Rg8 Kf2
1/2-1/2

[Event "NED-ch 1991"]
[Site "Eindhoven"]
[Date "1991.??.??"]
[Round "5"]
[White "Kuijf, Rini"]
[Black "Van der Wiel, John"]
[Result "0-1"]
[WhiteElo "2460"]
[BlackElo "2530"]
[PlyCount "66"]
[EventDate "1991.06.??"]
[Source "ChessBase"]
[SourceDate "2004.01.01"]

1. e4 e5 2. Nf3 Nc6 3. Bb5 Nf6 4. O-O Nxe4 5. Re1 Nd6 6. Nxe5 Be7 7. Bd3 O-O 8.
Qh5 f5 9. Nc3 Nxe5 10. Rxe5 g6 11. Qf3 Nf7 12. Re1 c6 13. Qe2 Bf6 14. b3 d6 15.
Bb2 Bd7 16. Na4 Re8 17. Bxf6 Qxf6 18. Qd1 f4 19. Bc4 Rxe1+ 20. Qxe1 f3 21.
Bxf7+ Kxf7 22. Nc3 Re8 23. Qd1 fxg2 24. d4 c5 25. Nd5 Qxd4 26. Qf3+ Kg7 27. c3
Qe5 28. Rd1 Qe2 29. Kxg2 Bc6 30. Qxe2 Rxe2 31. Kg3 Kf7 32. a3 Ra2 33. a4 Ra3
0-1

[Event "NED-ch 1991"]
[Site "Eindhoven"]
[Date "1991.??.??"]
[Round "5"]
[White "Pieterse, Gert"]
[Black "Van der Sterren, Paul"]
[Result "0-1"]
[WhiteElo "2405"]
[BlackElo "2485"]
[PlyCount "134"]
[EventDate "1991.06.??"]
[Source "ChessBase"]
[SourceDate "2004.01.01"]

1. d4 Nf6 2. Nf3 d5 3. g3 c6 4. Bg2 Bf5 5. O-O e6 6. b3 Be7 7. Bb2 O-O 8. c4
Nbd7 9. Nc3 h6 10. Ne1 a5 11. Nd3 Bh7 12. e3 a4 13. Rc1 axb3 14. axb3 Ba3 15.
Bxa3 Rxa3 16. cxd5 exd5 17. Na4 Qa5 18. Nac5 Nxc5 19. Nxc5 b6 20. Nd3 Bxd3 21.
Qxd3 Rc8 22. Qf5 Qa8 23. b4 Re8 24. Qf4 Qb7 25. b5 cxb5 26. Rc7 Qa8 27. Bf3 b4
28. Qd6 Rc3 29. Rxc3 bxc3 30. Qxb6 Rb8 31. Qc5 Rc8 32. Qb4 Qa2 33. Qb7 Re8 34.
Qb1 Qa6 35. Rc1 Rc8 36. Qb3 Qd3 37. Qc2 Qc4 38. Be2 Qc6 39. Bd3 Ne8 40. Ra1 Nf6
41. Ra3 Ne4 42. Ra6 Qb7 43. Ra3 Qb4 44. Ra4 Qe7 45. Ra5 Qd8 46. Ra3 Qc7 47. Kg2
g6 48. Ra1 Qc6 49. Ra5 Qe6 50. h4 h5 51. Ra3 Qd6 52. Ra1 Qe7 53. Ra5 Nf6 54.
Rb5 Kg7 55. Rb3 Ne4 56. Bxe4 Qxe4+ 57. Qxe4 dxe4 58. Rb1 Kf6 59. Kf1 Ke6 60.
Ke2 Kd5 61. Ra1 Kc4 62. Ra7 Rb8 63. Rc7+ Kb3 64. d5 Rd8 65. Rb7+ Kc2 66. Rb5
Rd6 67. Ke1 Kd3 0-1

[Event "NED-ch 1991"]
[Site "Eindhoven"]
[Date "1991.??.??"]
[Round "6"]
[White "Nijboer, Friso"]
[Black "De Boer, Gert Jan"]
[Result "1-0"]
[WhiteElo "2465"]
[BlackElo "2430"]
[PlyCount "61"]
[EventDate "1991.06.??"]
[Source "ChessBase"]
[SourceDate "2004.01.01"]

1. e4 c5 2. Nf3 d6 3. d4 cxd4 4. Nxd4 Nf6 5. Nc3 a6 6. f4 e5 7. Nf3 Nbd7 8. a4
Be7 9. Bd3 O-O 10. O-O Nc5 11. Kh1 exf4 12. Bxf4 Bg4 13. Qd2 Rc8 14. Rae1 Re8
15. Nd4 Ne6 16. Be3 Nxd4 17. Bxd4 Be6 18. Nd5 Nd7 19. Qb4 Bxd5 20. exd5 Rc7 21.
Bxg7 Kxg7 22. Qg4+ Bg5 23. Rxe8 Qxe8 24. Qxg5+ Kh8 25. Qh4 Nf8 26. Re1 Qd7 27.
Qf6+ Kg8 28. Bf5 Qxa4 29. Qxd6 Rc4 30. b3 Qa5 31. Qg3+ 1-0

[Event "NED-ch 1991"]
[Site "Eindhoven"]
[Date "1991.??.??"]
[Round "6"]
[White "Van Mil, Johan"]
[Black "Bosboom, Manuel"]
[Result "1-0"]
[WhiteElo "2415"]
[BlackElo "2460"]
[PlyCount "135"]
[EventDate "1991.06.??"]
[Source "ChessBase"]
[SourceDate "2004.01.01"]

1. e4 c5 2. c3 d6 3. d4 Nf6 4. Bd3 cxd4 5. cxd4 e5 6. Nf3 exd4 7. Nxd4 Nc6 8.
Nxc6 bxc6 9. O-O Be7 10. Qc2 Bb7 11. b3 O-O 12. Bb2 Nd7 13. Nd2 Bf6 14. Nc4
Bxb2 15. Qxb2 Nc5 16. Rfd1 Ba6 17. Qd4 Re8 18. Bc2 Bxc4 19. Qxc4 a5 20. Rd4 Ne6
21. Rd2 c5 22. e5 Nd4 23. Be4 Ra7 24. Qd3 Rxe5 25. Bxh7+ Kf8 26. Qh3 Qg5 27. f4
Qxf4 28. Rf2 Qe3 29. Qc8+ Re8 30. Qg4 Ne2+ 31. Kf1 Rae7 32. g3 Qh6 33. Bd3 Nc3
34. Qf3 Qe3 35. Bc4 Qxf3 36. Rxf3 Ne4 37. Rd1 Rd8 38. Rfd3 Re5 39. Kg2 Ke7 40.
Bd5 Nf6 41. Bf3 d5 42. Rc1 Kd6 43. Rc4 Nd7 44. Rg4 g6 45. Rf4 Ke6 46. h4 Ra8
47. g4 a4 48. Rxa4 Rxa4 49. bxa4 c4 50. Rd1 Nc5 51. h5 gxh5 52. gxh5 Nd3 53.
Kg3 Kf6 54. a5 d4 55. h6 Rxa5 56. Be4 Nc5 57. Bd5 Ra3+ 58. Kg4 Nd3 59. Rf1+ Kg6
60. Bxf7+ Kxh6 61. Kf5 c3 62. Bc4 Nb2 63. Kf6 Kh5 64. Be6 Kh4 65. Rf3 c2 66.
Rxa3 d3 67. Rc3 Kg3 68. Bb3 1-0

[Event "NED-ch 1991"]
[Site "Eindhoven"]
[Date "1991.??.??"]
[Round "6"]
[White "Van Wely, Loek"]
[Black "Kuijf, Rini"]
[Result "0-1"]
[WhiteElo "2475"]
[BlackElo "2460"]
[PlyCount "64"]
[EventDate "1991.06.??"]
[Source "ChessBase"]
[SourceDate "2004.01.01"]

1. d4 d5 2. Nf3 Nf6 3. c4 c6 4. Nc3 e6 5. cxd5 exd5 6. Bg5 Bf5 7. Qb3 Qb6 8.
Qxb6 axb6 9. Bxf6 gxf6 10. e3 b5 11. Kd2 Rg8 12. Nh4 Bg6 13. f4 b4 14. Ne2 b3
15. f5 Rxa2 16. Rb1 Bh5 17. Nf4 Bb4+ 18. Kd3 Rg4 19. Nf3 Rxf4 20. exf4 Bxf3 21.
gxf3 b6 22. Ke3 Nd7 23. Be2 c5 24. Bb5 Ke7 25. Ra1 Rxb2 26. Ra7 Bd2+ 27. Ke2
Bxf4+ 28. Kf1 c4 29. Bxd7 Kd8 30. Ba4 b5 31. Bxb5 Rb1+ 32. Kg2 Rxh1 0-1

[Event "NED-ch 1991"]
[Site "Eindhoven"]
[Date "1991.??.??"]
[Round "6"]
[White "Van der Sterren, Paul"]
[Black "Brenninkmeijer, Joris"]
[Result "1-0"]
[WhiteElo "2485"]
[BlackElo "2525"]
[Annotator "Ftacnik"]
[PlyCount "85"]
[EventDate "1991.06.??"]
[Source "ChessBase"]
[SourceDate "2004.01.01"]

1. d4 Nf6 2. c4 e6 3. Nf3 d5 4. Nc3 Nbd7 5. Bg5 Bb4 6. cxd5 exd5 7. e3 c5 8.
Bd3 Qa5 9. Qc2 c4 10. Bf5 O-O 11. O-O Re8 12. Nd2 g6 13. Bxd7 Nxd7 14. f3 Nb6
15. Rae1 Bxc3 16. bxc3 Na4 $6 (16... Bd7 17. Bh4) 17. e4 $1 {N} (17. Rc1 Bd7
18. Bf4 Rac8 19. e4 Re6 20. exd5 Qxd5 21. Ne4 f5 22. Ng3 Rb6 23. Rb1 Qa5 24.
Ne2 $14 {Howell,J-Heyken,E/Groningen op/1988/}) 17... Bd7 (17... Qxc3 18. Qxa4
Qxd4+ 19. Be3 $18) (17... Nxc3 18. Nxc4 $1 dxc4 (18... Qxa2 19. Qxa2 Nxa2 20.
Nd6 Re6 21. Nb5 $16) 19. Bd2 Qxa2 20. Qxc3 Qb3 21. Qa1 $16) (17... dxe4 18.
Nxe4 Rxe4 19. fxe4 Qxg5 20. Qxa4 $18) 18. exd5 Qxd5 (18... Qxc3 19. Qxc3 Nxc3
20. d6 $5 $36) (18... Nxc3 19. Ne4 Nxd5 20. Qxc4 $40) 19. Be7 $1 Qc6 (19... Bc6
20. Ne4 $18) 20. d5 $1 Qxd5 (20... Qb6+ 21. Kh1 Nc5 22. Nxc4 $16) 21. Ne4 Qc6
22. Nf6+ Kg7 23. Nxe8+ Rxe8 24. Qd2 Be6 (24... Qb6+ 25. Kh1 Be6 26. Bg5 $18)
25. Qg5 Kg8 26. Bf6 Qc5+ 27. Qxc5 Nxc5 28. Re2 b5 29. Bd4 Na4 (29... Nd3 30. f4
f5 31. Rf3 $18) 30. a3 Rd8 31. Re5 a6 32. Rf2 Rd6 33. g4 f6 34. Re1 Kf7 35.
Rfe2 a5 36. Re4 f5 37. gxf5 gxf5 38. Rh4 Kg6 39. Rb1 (39. Kf2 b4 40. Rg1+ Kf7
41. Rxh7+ $18) 39... Rd5 40. Kf2 Bg8 41. Rg1+ Kf7 42. Rg7+ Kf8 43. Rb7 {
Ftacnik,L} 1-0

[Event "NED-ch 1991"]
[Site "Eindhoven"]
[Date "1991.??.??"]
[Round "6"]
[White "Van der Wiel, John"]
[Black "Hoeksema, Erik"]
[Result "1-0"]
[WhiteElo "2530"]
[BlackElo "2380"]
[PlyCount "125"]
[EventDate "1991.06.??"]
[Source "ChessBase"]
[SourceDate "2004.01.01"]

1. e4 Nf6 2. e5 Nd5 3. d4 d6 4. Nf3 g6 5. Bc4 Nb6 6. Bb3 Bg7 7. Ng5 e6 8. Qf3
Qd7 9. Ne4 dxe5 10. dxe5 Bxe5 11. Nf6+ Bxf6 12. Qxf6 Rg8 13. Qh4 f5 14. Nc3 Nc6
15. Bg5 Qd4 16. Qxh7 Qe5+ 17. Kf1 Qg7 18. Qxg7 Rxg7 19. Re1 Bd7 20. Nb5 Rc8 21.
Bf4 e5 22. Bxe5 Nxe5 23. Rxe5+ Re7 24. Rxe7+ Kxe7 25. Nc3 c5 26. Nd5+ Nxd5 27.
Bxd5 Rd8 28. Ke1 Ba4 29. c4 Bd7 30. h4 Be6 31. Bxe6 Kxe6 32. h5 gxh5 33. Rxh5
Rd7 34. b3 Rg7 35. g3 Ke5 36. Ke2 b6 37. Ke3 Kf6 38. Rh6+ Kg5 39. Re6 Kg4 40.
Ke2 Kg5 41. f4+ Kh5 42. Kf3 Rd7 43. Rf6 Rd3+ 44. Kg2 Rd2+ 45. Kf3 Rd3+ 46. Kg2
Rd2+ 47. Kh3 Rxa2 48. Rxf5+ Kg6 49. Rd5 Rb2 50. Kg4 Rxb3 51. Rd6+ Kf7 52. Rd7+
Ke6 53. Rxa7 Rb4 54. Ra6 Kd6 55. Kg5 Kc6 56. f5 Rxc4 57. f6 Rc3 58. g4 Rf3 59.
Kg6 c4 60. f7 Kb7 61. Ra3 Rf1 62. Ra1 Rf2 63. Kg7 1-0

[Event "NED-ch 1991"]
[Site "Eindhoven"]
[Date "1991.??.??"]
[Round "7"]
[White "Bosboom, Manuel"]
[Black "Nijboer, Friso"]
[Result "1-0"]
[WhiteElo "2460"]
[BlackElo "2465"]
[Annotator "Knaak"]
[PlyCount "75"]
[EventDate "1991.06.??"]
[Source "ChessBase"]
[SourceDate "2004.01.01"]

1. d4 Nf6 2. Nf3 g6 3. c4 Bg7 4. Nc3 O-O 5. Bg5 d6 6. e3 Nbd7 7. Qc2 c6 8. Be2
h6 9. Bh4 e5 10. Rd1 Qe7 11. O-O Re8 (11... g5 $5 12. Bg3 Nh5 13. dxe5 (13. Bd3
$5) 13... dxe5 14. Nd2 (14. Bd3 $6 Nxg3 15. hxg3 Nc5 16. Bf5 e4 $1 $15) 14...
Nf4 (14... Nxg3 15. hxg3 f5 16. g4 {>< e4, f5}) 15. exf4 exf4 16. Bxf4 gxf4 $13
{ECO}) 12. b4 $14 Qf8 13. b5 Nh7 14. bxc6 bxc6 15. d5 $16 Bb7 16. Rb1 Nc5 17.
Na4 Bc8 18. Nxc5 dxc5 19. Rfd1 g5 20. d6 Bd7 (20... gxh4 $6 21. d7 Bxd7 22.
Rxd7 Re7 23. Rxe7 Qxe7 24. Qe4 $16 {>< Pc6, c5 h4}) 21. Bg3 f5 22. h3 h5 23.
Rb7 Rad8 24. Rxa7 $6 {unwichtiger P} 24... Qf6 25. Nd2 g4 26. hxg4 hxg4 27. Nb3
f4 28. Bh2 fxe3 (28... Qg5 29. Nxc5 g3 30. Rxd7 $18) 29. fxe3 Qg5 30. Bg3 $1
Nf6 (30... Qxe3+ 31. Bf2 Qg5 32. g3 e4 33. Bxc5 Qh5) 31. Nxc5 Nh5 32. Ne4 $6 (
32. Be1 $1 g3 $6 33. Bxh5 Qxe3+ $6 34. Kh1 Bg4 35. Qg6 $18) 32... Qh6 33. Bh4
Bf5 34. Bd3 g3 $1 35. Qe2 Nf4 $2 (35... Bxe4 $5 36. Bxd8 (36. Bxe4 Nf6 37.
Rxg7+ Qxg7 38. Qf3 Rf8 39. Bf5 $44) 36... Nf4 $1 37. Rxg7+ $8 Kh8 $1 38. Rh7+
$8 Bxh7 39. Bf6+ $1 Qxf6 40. exf4 Qh4 (40... Qxf4 $2 41. Qh5 $18) (40... e4 $2
41. d7 Rd8 42. Bxe4 $18) 41. Qe3 $1 Qh2+ $1 (41... Bxd3 42. Rxd3 Qh2+ 43. Kf1
Qh1+ 44. Qg1 Qxg1+ 45. Kxg1 exf4 46. Kf1 $16) 42. Kf1 Qh1+ 43. Qg1 Qh6 $1 44.
f5 Bxf5 $1 45. Bxf5 Qf4+ 46. Ke2 Qxf5 $10) 36. exf4 Qxh4 37. Nxg3 exf4 (37...
Qxg3 38. Bxf5 Qxf4 39. Qh5 Qe3+ 40. Kh1 Qxa7 41. Bh7+ Kf8 42. Rf1+ Bf6 43. Qh6+
Qg7 44. Rxf6#) 38. Rxg7+ 1-0

[Event "NED-ch 1991"]
[Site "Eindhoven"]
[Date "1991.??.??"]
[Round "7"]
[White "Brenninkmeijer, Joris"]
[Black "Van Mil, Johan"]
[Result "1/2-1/2"]
[WhiteElo "2525"]
[BlackElo "2415"]
[Annotator "Ftacnik"]
[PlyCount "197"]
[EventDate "1991.06.??"]
[Source "ChessBase"]
[SourceDate "2004.01.01"]

1. d4 Nf6 2. c4 g6 3. Nc3 d5 4. cxd5 Nxd5 5. e4 Nxc3 6. bxc3 Bg7 7. Nf3 c5 8.
Rb1 O-O 9. Be2 cxd4 10. cxd4 Qa5+ 11. Bd2 Qxa2 12. O-O Nd7 13. Bb4 a5 $5 {N} (
13... Nb6) (13... Qe6) 14. Ra1 (14. Bxe7 Re8 15. Bd6 Rxe4 16. Bd3 Re6 $13)
14... Qe6 15. Qc2 (15. e5 Nb6 16. Ng5 Qf5 $22 17. Bxe7 Re8 18. Bd3 (18. g4 Qf4
19. Nh3 Qh6 20. Bc5 Nd7) 18... Qf4 19. g3 Qxd4 $13) 15... Nf6 (15... b6 $2 16.
Bc4) 16. Bd3 (16. e5 Nd5 17. Bxa5 Bd7 $10) 16... Nh5 $1 17. Rfd1 (17. Bc4 Qd7
18. Rxa5 Rxa5 19. Bxa5 Nf4 $132) 17... Nf4 18. Bf1 (18. Bc4 Qg4 19. Bf1 Nh3+
20. Kh1 Qxe4 $1) 18... b6 19. d5 Qg4 20. Nd4 (20. Ra2 Ba6 $1) 20... Ba6 21. f3
(21. g3 Bxf1 22. Kxf1 Qh3+ 23. Ke1 Ng2+ 24. Ke2 axb4 $19) 21... Qg5 22. Bxa6 (
22. Bc3 Be2 $1 23. Nxe2 Nh3+ 24. Kh1 Nf2+ 25. Kg1 Nh3+ $10) 22... axb4 (22...
Rxa6 23. Bc3 Rc8 24. g3) 23. g3 $1 b3 24. Qb2 (24. Qxb3 Bxd4+ 25. Rxd4 Rxa6 26.
Rxa6 Ne2+ 27. Kf2 Nxd4 28. Qd3 e5 $19) 24... b5 25. Kh1 (25. Bxb5 Rxa1 26. Qxa1
Nxd5 27. exd5 Qxd5) 25... Nxd5 $1 26. exd5 Qxd5 27. Qxb3 (27. Qf2 Rfd8 28. Ne2
Qxd1+ 29. Rxd1 Rxd1+ 30. Kg2 b2 $19) 27... Qxb3 28. Nxb3 Bxa1 29. Rxa1 Rfb8 30.
Nc5 Rb6 $6 (30... b4 $5 $17) 31. Rb1 $1 Rbxa6 32. Nxa6 Rxa6 33. Rxb5 Ra2 $15
34. Kg1 f6 35. h4 Kf7 36. Rb6 h6 37. Kf1 Rh2 38. Kg1 Re2 39. Kf1 Rd2 40. Ra6
Rb2 41. Kg1 h5 42. Kf1 Rd2 43. Rb6 e5 44. Ra6 Ke7 45. Rb6 Rd6 46. Rb7+ Rd7 47.
Rb6 Kf7 48. Ra6 f5 49. Kf2 Re7 50. Rb6 Re6 51. Rb8 Ra6 52. Rc8 Ra2+ 53. Kf1 Ra6
54. Kf2 Rb6 55. Ra8 Rc6 56. Rb8 Rc2+ 57. Kf1 Rc6 58. Kf2 Ke6 59. Rg8 Kd5 60.
Rd8+ Rd6 61. Ra8 Ke6 62. Re8+ Kf6 63. Rf8+ Ke7 64. Ra8 Kf7 65. Ke2 Rd4 66. Ra7+
Ke6 67. Ra6+ Rd6 68. Ra8 e4 69. Ra3 Ke5 70. Ke3 Rd5 71. Rc3 Rb5 72. Ra3 Rc5 73.
Rb3 Ra5 74. Rc3 Kd5 75. fxe4+ fxe4 76. Rb3 Ke5 77. Rc3 Kf5 78. Rc6 Rd5 79. Ra6
Rd3+ 80. Kf2 Rd5 81. Ke3 Rb5 82. Rc6 Rb3+ 83. Kf2 Rf3+ 84. Kg2 Ke5 85. Rxg6 Rf6
86. Rg8 e3 87. Re8+ Kd4 88. g4 $1 hxg4 89. Kg3 Kd3 (89... Rg6 90. h5 Rg7 91. h6
Rh7 92. Re6 Kd3 93. Kxg4 e2 94. Kg5 $10) 90. Kxg4 e2 91. h5 Rf1 92. h6 e1=Q 93.
Rxe1 Rxe1 94. Kf5 Rh1 95. Kg6 Ke4 96. h7 Ke5 97. Kg7 Ke6 98. h8=Q Rxh8 99. Kxh8
{Ftacnik,L} 1/2-1/2

[Event "NED-ch 1991"]
[Site "Eindhoven"]
[Date "1991.??.??"]
[Round "7"]
[White "De Boer, Gert Jan"]
[Black "Van der Wiel, John"]
[Result "1/2-1/2"]
[WhiteElo "2430"]
[BlackElo "2530"]
[PlyCount "30"]
[EventDate "1991.06.??"]
[Source "ChessBase"]
[SourceDate "2004.01.01"]

1. d4 Nf6 2. c4 e6 3. Nf3 b6 4. g3 Ba6 5. b3 d5 6. cxd5 Nxd5 7. Bg2 Be7 8. O-O
Nd7 9. Bb2 O-O 10. Nc3 Bb7 11. Rc1 Rc8 12. Qd2 c5 13. Rfd1 cxd4 14. Nxd5 Bxd5
15. Nxd4 Bxg2 1/2-1/2